00169 a2200073 45000010005000001000018000052450049000232600023000721336 aTarasevich.V. aFits, tolerances and engineering measurement abForeign languac